LEADER 01013cam0-22003251i-450- 001 990007424640403321 005 20121217095511.0 010 $a88-495-0126-9 035 $a000742464 035 $aFED01000742464 035 $a(Aleph)000742464FED01 035 $a000742464 100 $a20030505d2000----km-y0itay50------ba 101 0 $aita 102 $aIT 105 $ay-------001yy 200 1 $a<>applicazione di pena su richiesta delle parti$fAlfonso Furgiuele$gstudi di porocedura penale a cura di Giuseppe Riccio 210 $aNapoli$cEdizioni Scientifiche Italiane$d2000 215 $a206 p.$d24 cm 225 1 $aBiblioteca di diritto processuale$v8 676 $a345.45072$vFI 700 1$aFurgiuele,$bAlfonso$0240782 801 0$aIT$bUNINA$gRICA$2UNIMARC 901 $aBK 912 $a990007424640403321 952 $a5,2-287$b3434$fDSPCP 952 $aPecoraro Albani F54$b5479$fDSPCP 959 $aDSPCP 996 $aApplicazione di pena su richiesta delle parti$9677907 997 $aUNINA LEADER 01037nam0-22003491--450- 001 990008238480403321 005 20130226141436.0 010 $a88-13-24045-7 020 $aIT$b2003-9928 035 $a000823848 035 $aFED01000823848 035 $a(Aleph)000823848FED01 035 $a000823848 100 $a20051201d2002----km-y0itay50------ba 101 0 $aita 102 $aIT 105 $ay---n----00yy 200 1 $a<>atti normativi delle autorita indipendenti$fSilvia Nicodemo 210 $aPadova$cCEDAM$d2002 215 $a444 p.$d24 cm 225 1 $aUniversità di Bologna$fDipartimento di discipline giuridiche dell'economia e dell'azienda$iN.S.$v12 676 $a342.450 664$v21$zita 700 1$aNicodemo,$bSilvia$0283530 801 0$aIT$bUNINA$gRICA$2UNIMARC 901 $aBK 912 $a990008238480403321 952 $aSCUOLA H 55$b598$fDDA 952 $aXI E 26$b6487$fDDCIC 959 $aDDA 959 $aDDCIC 996 $aAtti normativi delle autorità indipendenti$9167754 997 $aUNINA